Canada OECD economic surveys 2002-2003

Salvato in:
Dettagli Bibliografici
Natura: Libro
Lingua:inglese
Pubblicazione: Paris OECD 2003
Serie:Economics
Soggetti:
Tags: Aggiungi Tag
Nessun Tag, puoi essere il primo ad aggiungerne!!

MARC

LEADER 00000nam$a2200000$$$4500
001 0017937
005 20240315120430.4
020 |a 92-64-10435-6 
022 |a 0376-6438 
041 0 |a eng 
044 |a FR 
245 1 0 |a Canada  |b OECD economic surveys 2002-2003 
264 1 |a Paris  |b OECD  |c 2003 
300 |a 227 s. 
490 1 |a Economics 
830 0 |a Economics 
610 2 0 |a situácia hospodárska 
610 2 0 |a Kanada 
610 2 0 |a rozvoj hospodársky 
610 2 0 |a ukazovatele makroekonomické 
610 2 0 |a úroveň životná 
610 2 0 |a kapitál ľudský 
610 2 0 |a migrácia 
610 2 0 |a imigrácia 
610 2 0 |a politika fiškálna 
610 2 0 |a rozpočet štátny 
610 2 0 |a emigrácia 
610 2 0 |a zdravotníctvo 
610 2 0 |a OECD